[Event "Cheliabinsk Region Club-ch sf"]
[Site "Cheliabinsk"]
[Date "2011.10.12"]
[Round "4"]
[White "Ramzaitsev, Nikolai"]
[Black "Gainutdinov, Sergey"]
[Result "0-1"]
[WhiteElo "1727"]
[BlackElo "1935"]
[PlyCount "100"]
[EventDate "2011.10.12"]
[EventType "swiss"]
[EventRounds "9"]
[EventCountry "RUS"]
[SourceTitle "EXT 2022"]
[Source "ChessBase"]
[SourceDate "2021.10.06"]
[SourceVersion "1"]
[SourceVersionDate "2021.10.06"]
[SourceQuality "1"]

1. e4 c5 2. Nf3 Nc6 3. g3 d6 4. Bg2 Nf6 5. d3 g6 6. c3 Bg7 7. 0-0 Bg4 8. Qb3 Qd7 9. Re1 Bxf3 10. Bxf3 Ne5 11. Bg2 Nxd3 12. Rd1 Nxc1 13. Rxc1 e5 14. Re1 0-0 15. Nd2 b5 16. Rad1 Rfd8 17. Nf3 c4 18. Qc2 Qe7 19. Re2 Rd7 20. h3 Rad8 21. a4 a6 22. axb5 axb5 23. Ra1 Ra7 24. Ree1 Rda8 25. Rad1 Rd8 26. Re2 h5 27. h4 Nd7 28. Rd5 Nc5 29. Ne1 Bh6 30. Rd1 Ra2 31. Qb1 Ra7 32. Nc2 Nd3 33. Ne3 Bxe3 34. Rxe3 Rda8 35. Bf1 Nc5 36. Rd5 Ra1 37. Qc2 R8a2 38. Kg2 Ra6 39. Be2 Re1 40. Bf1 Rxe3 41. fxe3 Qb7 42. Be2 Nd7 43. Bf3 Nf6 44. Rd2 Ra1 45. Rf2 Kg7 46. Rd2 Qb6 47. Kf2 Ng4+ 48. Bxg4 hxg4 49. Rd5 Rh1 50. Kg2 Re1 0-1

[Event "Cheliabinsk Region Club-ch qf"]
[Site "Cheliabinsk"]
[Date "2011.01.29"]
[Round "9"]
[White "Znamensky, Nikolai"]
[Black "Gainutdinov, Sergey"]
[Result "0-1"]
[WhiteElo "1764"]
[BlackElo "1935"]
[PlyCount "142"]
[EventDate "2011.01.21"]
[EventType "swiss"]
[EventRounds "9"]
[EventCountry "RUS"]
[SourceTitle "EXT 2022"]
[Source "ChessBase"]
[SourceDate "2021.10.06"]
[SourceVersion "1"]
[SourceVersionDate "2021.10.06"]
[SourceQuality "1"]

1. c4 c5 2. Nf3 Nc6 3. Nc3 d6 4. d4 cxd4 5. Nxd4 e5 6. Ndb5 a6 7. Na3 f5 8. g3 Be6 9. Bg2 g5 10. 0-0 h6 11. b3 Nf6 12. Nc2 Qa5 13. Bb2 Rd8 14. Nd5 Bxd5 15. cxd5 Ne7 16. e4 fxe4 17. Bxe4 Nxe4 18. Qh5+ Kd7 19. Qg4+ Kc7 20. Qxe4 Qxd5 21. Qg4 Nc6 22. Rfd1 Qf7 23. Rac1 Kb8 24. Ne3 d5 25. Rxc6 bxc6 26. Bxe5+ Bd6 27. Bxd6+ Rxd6 28. Qb4+ Kc7 29. Nc4 Re6 30. Qb6+ Kc8 31. Qxa6+ Qb7 32. Nb6+ Kc7 33. Nxd5+ Kb8 34. Qxb7+ Kxb7 35. Nc3 Kc7 36. a4 Rb8 37. Rb1 Rb4 38. Na2 Rbe4 39. Kf1 Re2 40. Nc3 Rc2 41. Nd1 Ree2 42. b4 Kb6 43. b5 c5 44. a5+ Kxa5 45. b6 Re8 46. b7 Rb8 47. Ne3 Ra2 48. Nc4+ Ka6 49. Nd6 Ra4 50. Rc1 Kb6 51. Nf7 Rxb7 52. Nxh6 Kc6 53. Nf5 Rf7 54. Ne3 Ra2 55. Ng4 Rfa7 56. Kg2 Ra1 57. Rc2 R7a2 58. Rc3 Ra3 59. Rc2 R1a2 60. Rc1 Kd5 61. Nf6+ Kd4 62. Rd1+ Rd3 63. Rc1 c4 64. h4 gxh4 65. gxh4 Ra6 66. Nh5 c3 67. Nf4 Rd2 68. Kf1 Rf6 69. Ne2+ Rxe2 70. Kxe2 Re6+ 71. Kd1 Kd3 0-1

[Event "Cheliabinsk Region Club-ch qf"]
[Site "Cheliabinsk"]
[Date "2011.01.25"]
[Round "5"]
[White "Matiushinsky, Dmitry"]
[Black "Gainutdinov, Sergey"]
[Result "0-1"]
[WhiteElo "1838"]
[BlackElo "1935"]
[PlyCount "58"]
[EventDate "2011.01.21"]
[EventType "swiss"]
[EventRounds "9"]
[EventCountry "RUS"]
[SourceTitle "EXT 2022"]
[Source "ChessBase"]
[SourceDate "2021.10.06"]
[SourceVersion "1"]
[SourceVersionDate "2021.10.06"]
[SourceQuality "1"]

1. e4 d6 2. Bc4 Nf6 3. Nc3 c5 4. Nf3 Nc6 5. d4 cxd4 6. Nxd4 e5 7. Nxc6 bxc6 8. Bg5 Be7 9. 0-0 Bg4 10. Qd3 h6 11. Bh4 g5 12. Bg3 0-0 13. f3 Bh5 14. Rfd1 Bg6 15. Kh1 d5 16. Qe2 d4 17. Bxe5 c5 18. Nd5 Nd7 19. Bc7 Qe8 20. Bb3 Bd8 21. c3 Nf6 22. Qa6 Nxd5 23. Bxd5 Bxc7 24. Qxg6+ Kh8 25. Qxh6+ Kg8 26. Qxg5+ Kh7 27. e5 Qxe5 28. Be4+ f5 29. Bxa8 Qxh2# 0-1

[Event "Cheliabinsk Region Club-ch qf"]
[Site "Cheliabinsk"]
[Date "2011.01.23"]
[Round "3"]
[White "Popov, Sergei"]
[Black "Gainutdinov, Sergey"]
[Result "0-1"]
[WhiteElo "1919"]
[BlackElo "1935"]
[PlyCount "70"]
[EventDate "2011.01.21"]
[EventType "swiss"]
[EventRounds "9"]
[EventCountry "RUS"]
[SourceTitle "EXT 2022"]
[Source "ChessBase"]
[SourceDate "2021.10.06"]
[SourceVersion "1"]
[SourceVersionDate "2021.10.06"]
[SourceQuality "1"]

1. e4 d6 2. d4 Nf6 3. f3 g6 4. Be3 Bg7 5. c3 0-0 6. Bd3 e5 7. dxe5 dxe5 8. Ne2 Qe7 9. Bc4 Rd8 10. Nd2 Nc6 11. b4 b6 12. Qb3 a5 13. b5 a4 14. Qc2 Na5 15. Qxa4 Nxc4 16. Qxc4 Be6 17. Qb4 Qxb4 18. cxb4 Rxa2 19. Rxa2 Bxa2 20. Nc1 Be6 21. Ke2 Bd7 22. Ncb3 Bxb5+ 23. Kf2 Ne8 24. Nb1 Bc4 25. N3d2 Be6 26. Nc3 f5 27. Bg5 Rd3 28. Nd5 Bxd5 29. exd5 Rxd5 30. Ke2 Bf8 31. Rb1 Kf7 32. Nc4 Ke6 33. Bd2 f4 34. Bc3 Nd6 35. Nxd6 Bxd6 0-1

[Event "Cheliabinsk Region Club-ch qf"]
[Site "Cheliabinsk"]
[Date "2011.01.22"]
[Round "2"]
[White "Gainutdinov, Sergey"]
[Black "Volozhanin, Boris"]
[Result "1-0"]
[WhiteElo "1935"]
[BlackElo "1853"]
[PlyCount "63"]
[EventDate "2011.01.21"]
[EventType "swiss"]
[EventRounds "9"]
[EventCountry "RUS"]
[SourceTitle "EXT 2022"]
[Source "ChessBase"]
[SourceDate "2021.10.06"]
[SourceVersion "1"]
[SourceVersionDate "2021.10.06"]
[SourceQuality "1"]

1. d4 Nf6 2. c4 c5 3. d5 d6 4. Nc3 Bf5 5. Bg5 Ne4 6. Nxe4 Bxe4 7. f3 h6 8. Bd2 Bh7 9. e4 e6 10. dxe6 fxe6 11. Bc3 Nd7 12. g3 Kf7 13. Bh3 Be7 14. Ne2 Nb6 15. Ba5 Bf6 16. Qb3 Re8 17. 0-0 d5 18. cxd5 exd5 19. Bxb6 Qxb6 20. Qxd5+ Kf8 21. Nf4 Bd4+ 22. Kh1 Re5 23. Qc4 Bg8 24. Qe2 g5 25. Nh5 Qc6 26. Bg2 Rae8 27. f4 Rxe4 28. fxg5+ Bf7 29. Bxe4 Rxe4 30. Qf3 Re2 31. Qxc6 bxc6 32. g6 1-0